000 00814nam a2200265 4500
003 OSt
005 20260601193842.0
008 260508b1973 it ||||| |||| 00| 0 ita d
040 _aICI
_bspa
_cICI
041 _aita
050 _aNK1505
_b.M86 1973
100 1 _aMunari, Bruno
_dautor
_930908
245 1 _aArte come mestiere
_cBruno Munari
264 1 _aBari:
_bUniversale Laterza UL
_c1973
300 _a254 páginas:
_bilustraciones
336 _atexto
_2rdacontent
337 _asin medio
_2rdamedia
338 _avolumen
_2rdacarrier
500 _aObra sobre la relación entre arte, diseño y oficio en la práctica creativa.
650 _aDiseño
_xFilosofía
650 _aArte y diseño.
_930910
650 _aCreatividad.
650 _aDiseño industrial
_xAspectos estéticos.
942 _2lcc
_cB
_n1
999 _c21491
_d21491